|
|
|
|
| LEADER |
03141nam a2200805 i 4500 |
| 001 |
nkc20172875054 |
| 003 |
CZ PrNK |
| 005 |
20170310123228.0 |
| 007 |
ta |
| 008 |
170118s2016 xr a f c 001 0dcze |
| 015 |
|
|
|a cnb002875054
|
| 020 |
|
|
|a 978-80-7035-630-2
|q (brožováno)
|
| 035 |
|
|
|a (OCoLC)975046442
|
| 040 |
|
|
|a BOA001
|b cze
|d ABA001
|e rda
|
| 041 |
1 |
|
|a cze
|a ger
|h cze
|h ger
|
| 043 |
|
|
|a e-xr---
|b e-xr-pg
|2 czenas
|
| 045 |
|
|
|a x0x0
|
| 072 |
|
7 |
|a 76
|x Grafické umění. Grafika
|2 Konspekt
|9 21
|
| 080 |
|
|
|a 76(430)
|2 MRF
|
| 080 |
|
|
|a 761.1
|2 MRF
|
| 080 |
|
|
|a 7.036/.038
|2 MRF
|
| 080 |
|
|
|a 72/76:069.5
|2 MRF
|
| 080 |
|
|
|a (437.311)
|2 MRF
|
| 080 |
|
|
|a (048.8:082)
|2 MRF
|
| 080 |
|
|
|a (083.82)
|2 MRF
|
| 080 |
|
|
|a (084.11)
|2 MRF
|
| 100 |
1 |
|
|a Klemm, Walther,
|d 1883-1957
|7 xx0185490
|4 ill
|
| 245 |
1 |
0 |
|a Klemm & Thiemann :
|b moderní dřevořez v Praze = moderner Holzschnitt in Prag : 1905-1908 /
|c Eva Bendová (ed.) ; překlad do němčiny: Anna Ohlidal ; překlad do češtiny: Vladimír Čadský
|
| 246 |
3 |
0 |
|a Moderní dřevořez v Praze
|
| 246 |
3 |
0 |
|a Moderner Holzschnitt in Prag
|
| 264 |
|
1 |
|a V Praze :
|b Národní galerie,
|c 2016
|
| 300 |
|
|
|a 174 stran :
|b ilustrace (převážně barevné) ;
|c 26 cm
|
| 336 |
|
|
|a text
|b txt
|2 rdacontent
|
| 336 |
|
|
|a statický obraz
|b sti
|2 rdacontent
|
| 337 |
|
|
|a bez média
|b n
|2 rdamedia
|
| 338 |
|
|
|a svazek
|b nc
|2 rdacarrier
|
| 504 |
|
|
|a Obsahuje bibliografii, bibliografické odkazy a rejstřík
|
| 546 |
|
|
|a Český text souběžně německy
|
| 600 |
1 |
7 |
|a Klemm, Walther,
|d 1883-1957
|7 xx0185490
|2 czenas
|
| 600 |
1 |
7 |
|a Thiemann, Carl,
|d 1881-1966
|7 xx0159773
|2 czenas
|
| 610 |
2 |
7 |
|a Národní galerie (Praha, Česko).
|b Sbírka grafiky a kresby
|7 kn20020617011
|2 czenas
|
| 648 |
|
7 |
|a 20. století
|7 ch460558
|2 czenas
|
| 648 |
|
4 |
|a 1905-1908
|
| 650 |
0 |
7 |
|a německá grafika
|7 ph123486
|y 20. století
|2 czenas
|
| 650 |
0 |
7 |
|a dřevořezy
|7 ph135151
|z Česko
|y 20. století
|2 czenas
|
| 650 |
0 |
7 |
|a moderní umění
|7 ph115340
|z Česko
|2 czenas
|
| 650 |
0 |
7 |
|a umělecké sbírky
|7 ph135222
|z Česko
|2 czenas
|
| 650 |
0 |
9 |
|a German prints
|y 20th century
|2 eczenas
|
| 650 |
0 |
9 |
|a wood-engravings
|z Czechia
|y 20th century
|2 eczenas
|
| 650 |
0 |
9 |
|a modern art
|z Czechia
|2 eczenas
|
| 650 |
0 |
9 |
|a art collections
|z Czechia
|2 eczenas
|
| 651 |
|
7 |
|a Praha (Česko)
|7 ge118011
|2 czenas
|
| 651 |
|
9 |
|a Prague (Czechia)
|2 eczenas
|
| 653 |
0 |
|
|a barevný dřevořez
|
| 655 |
|
7 |
|a kolektivní monografie
|7 fd501537
|2 czenas
|
| 655 |
|
7 |
|a katalogy
|7 fd132535
|2 czenas
|
| 655 |
|
7 |
|a obrazové publikace
|7 fd132947
|2 czenas
|
| 655 |
|
9 |
|a collective monographs
|2 eczenas
|
| 655 |
|
9 |
|a catalogs
|2 eczenas
|
| 655 |
|
9 |
|a pictorial works
|2 eczenas
|
| 700 |
1 |
|
|a Thiemann, Carl,
|d 1881-1966
|7 xx0159773
|4 ill
|
| 700 |
1 |
|
|a Bendová, Eva,
|d 1976-
|7 xx0076089
|4 edt
|
| 700 |
1 |
|
|a Ohlídal, Anna,
|d 1966-
|7 xx0015397
|4 trl
|
| 700 |
1 |
|
|a Čadský, Vladimír
|7 jn20000810140
|4 trl
|
| 910 |
2 |
|
|a BOA001
|b 3-1378.766
|
| 928 |
9 |
|
|a Nationalgalerie Prag
|
| 990 |
|
|
|a BK
|
| 995 |
|
|
|a 01
|
| 991 |
|
|
|b 201702
|c NOV
|
| 996 |
6 |
|
|b 2610695229
|c 3-1378.766
|l MZK
|r Sklad / do 1 hodiny
|n 0
|p p.v.
|w 001596722
|u 000010
|a 1
|e BOA001
|j MZK50
|s P
|